{"text_format":"1","workbook":"xlsx","n_sheets":1,"sheets":["Здание Фор Эскиз5"],"not_rendered":{"charts":0,"images":0,"macros":1,"external_links":0,"defined_names":0,"comments":0,"pivot_tables":0},"unopened":[],"bounds":{"document_bytes":16777216,"sheet_cells":100000,"rows_first":2000,"rows_last":500,"rows_between":2000,"halvings":0,"cell_chars":16384,"cell_head_chars":4096},"cells_cut":0,"cells_raw":0,"read":"whole","date_system":"1900"}

{"sheet":"Здание Фор Эскиз5","index":0,"n_rows":136,"n_cols":15,"rows_kept":136,"cut":false,"hidden":false,"merged":[]}
["Идентификатор_элемента_BCM","Objektname","Идентификатор_элемента","Категория реконструкции","Единица_измерения","Длина","Толщина","Высота","Объем_нетто","Площадь","Текст1","Текст3","Objektname","Обозначение","Штриховка в плане"]
["0019Пер0790150862","Перекрытие",790150862,"НовОбъект","м2",1.1499999999999999,0.3165,0.15,5.4600000000000003E-2,0.36399999999999999,"ООО \"Промвентиляция\"",null,"Перекрытие","СП"]
["0019Пер0790150872","Перекрытие",790150872,"НовОбъект","м2",0.63500000000000001,1.1499999999999999,0.15,0.1095,0.73029999999999995,"ООО \"Промвентиляция\"",null,"Перекрытие","СП"]
["0019Пер0790150879","Перекрытие",790150879,"НовОбъект","м2",1.1499999999999999,0.63500000000000001,0.15,0.1095,0.73029999999999995,"ООО \"Промвентиляция\"",null,"Перекрытие","СП"]
["0019Пер0790150884","Перекрытие",790150884,"НовОбъект","м2",1.1499999999999999,0.63500000000000001,0.15,0.1095,0.73029999999999995,"ООО \"Промвентиляция\"",null,"Перекрытие","СП"]
["0019Пер0790150896","Перекрытие",790150896,"НовОбъект","м2",1.1499999999999999,0.80230000000000001,0.15,0.1384,0.92269999999999996,"ООО \"Промвентиляция\"",null,"Перекрытие","СП"]
["0019Пер0790150901","Перекрытие",790150901,"НовОбъект","м2",1.1499999999999999,0.80230000000000001,0.15,0.1384,0.92269999999999996,"ООО \"Промвентиляция\"",null,"Перекрытие","СП"]
["0019Пер0790150794","Перекрытие",790150794,"НовОбъект","м2",1.1499999999999999,0.85899999999999999,0.15,0.1482,0.9879,"ООО \"Промвентиляция\"",null,"Перекрытие","СП"]
["0019Пер0790150799","Перекрытие",790150799,"НовОбъект","м2",0.85899999999999999,1.1499999999999999,0.15,0.1482,0.9879,"ООО \"Промвентиляция\"",null,"Перекрытие","СП"]
["0019Пер0790150804","Перекрытие",790150804,"НовОбъект","м2",1.1499999999999999,0.85899999999999999,0.15,0.1482,0.9879,"ООО \"Промвентиляция\"",null,"Перекрытие","СП"]
["0019Пер0790150943","Перекрытие",790150943,"НовОбъект","м2",1.1499999999999999,0.92269999999999996,0.15,0.15920000000000001,1.0610999999999999,"ООО \"Промвентиляция\"",null,"Перекрытие","СП"]
["0019Пер0790150948","Перекрытие",790150948,"НовОбъект","м2",1.1499999999999999,0.92269999999999996,0.15,0.15920000000000001,1.0610999999999999,"ООО \"Промвентиляция\"",null,"Перекрытие","СП"]
["0019Пер0790151162","Перекрытие",790151162,"НовОбъект","м2",1.3433999999999999,1.1499999999999999,0.15,0.23169999999999999,1.5449999999999999,"ООО \"Промвентиляция\"",null,"Перекрытие","СП"]
["0019Пер0790150911","Перекрытие",790150911,"НовОбъект","м2",1.1499999999999999,1.3714999999999999,0.15,0.2366,1.5771999999999999,"ООО \"Промвентиляция\"",null,"Перекрытие","СП"]
["0019Пер0790151139","Перекрытие",790151139,"НовОбъект","м2",1.1499999999999999,1.373,0.15,0.23680000000000001,1.579,"ООО \"Промвентиляция\"",null,"Перекрытие","СП"]
["0019Пер0790151144","Перекрытие",790151144,"НовОбъект","м2",1.1499999999999999,1.373,0.15,0.23680000000000001,1.579,"ООО \"Промвентиляция\"",null,"Перекрытие","СП"]
["0019Пер0790150642","Перекрытие",790150642,"НовОбъект","м2",1.1499999999999999,1.38,0.15,0.23810000000000001,1.587,"ООО \"Промвентиляция\"",null,"Перекрытие","СП",1]
["0019Пер0790150684","Перекрытие",790150684,"НовОбъект","м2",1.1499999999999999,1.38,0.15,0.23810000000000001,1.587,"ООО \"Промвентиляция\"",null,"Перекрытие","СП"]
["0019Пер0790150742","Перекрытие",790150742,"НовОбъект","м2",1.1499999999999999,1.4495,0.15,0.25,1.6669,"ООО \"Промвентиляция\"",null,"Перекрытие","СП"]
["0019Пер0790150789","Перекрытие",790150789,"НовОбъект","м2",1.1499999999999999,1.4495,0.15,0.25,1.6669,"ООО \"Промвентиляция\"",null,"Перекрытие","СП"]
["0019Пер0790150669","Перекрытие",790150669,"НовОбъект","м2",1.1499999999999999,1.5295000000000001,0.15,0.26379999999999998,1.7588999999999999,"ООО \"Промвентиляция\"",null,"Перекрытие","СП"]
["0019Пер0790150674","Перекрытие",790150674,"НовОбъект","м2",1.1499999999999999,1.5295000000000001,0.15,0.26379999999999998,1.7588999999999999,"ООО \"Промвентиляция\"",null,"Перекрытие","СП"]
["0019Пер0790150679","Перекрытие",790150679,"НовОбъект","м2",1.1499999999999999,1.5295000000000001,0.15,0.26379999999999998,1.7588999999999999,"ООО \"Промвентиляция\"",null,"Перекрытие","СП"]
["0019Пер0790150779","Перекрытие",790150779,"НовОбъект","м2",1.1499999999999999,1.5295000000000001,0.15,0.26379999999999998,1.7588999999999999,"ООО \"Промвентиляция\"",null,"Перекрытие","СП"]
["0019Пер0790150784","Перекрытие",790150784,"НовОбъект","м2",1.1499999999999999,1.5295000000000001,0.15,0.26379999999999998,1.7588999999999999,"ООО \"Промвентиляция\"",null,"Перекрытие","СП"]
["0019Пер0790150867","Перекрытие",790150867,"НовОбъект","м2",1.1499999999999999,1.7515000000000001,0.15,0.30209999999999998,2.0142000000000002,"ООО \"Промвентиляция\"",null,"Перекрытие","СП"]
["0019Пер0790150889","Перекрытие",790150889,"НовОбъект","м2",1.1499999999999999,2.0699999999999998,0.15,0.35709999999999997,2.3805000000000001,"ООО \"Промвентиляция\"",null,"Перекрытие","СП"]
["0019Пер0790151300","Перекрытие",790151300,"НовОбъект","м2",2.2098,1.1499999999999999,0.15,0.38119999999999998,2.5411999999999999,"ООО \"Промвентиляция\"",null,"Перекрытие","СП"]
["0019Пер0790151305","Перекрытие",790151305,"НовОбъект","м2",2.2098,1.1499999999999999,0.15,0.38119999999999998,2.5411999999999999,"ООО \"Промвентиляция\"",null,"Перекрытие","СП"]
["0019Пер0790159191","Перекрытие",790159191,"НовОбъект","м2",2.2098,1.1499999999999999,0.15,0.38119999999999998,2.5411999999999999,"ООО \"Промвентиляция\"",null,"Перекрытие","СП"]
["0019Пер0790164981","Перекрытие",790164981,"НовОбъект","м2",1.1499999999999999,2.2279,0.15,0.38429999999999997,2.5621,"ООО \"Промвентиляция\"",null,"Перекрытие","СП"]
["0019Пер0790165004","Перекрытие",790165004,"НовОбъект","м2",1.1499999999999999,2.2279,0.15,0.38429999999999997,2.5621,"ООО \"Промвентиляция\"",null,"Перекрытие","СП"]
["0019Пер0790151340","Перекрытие",790151340,"НовОбъект","м2",1.1499999999999999,2.2898000000000001,0.15,0.39500000000000002,2.6332,"ООО \"Промвентиляция\"",null,"Перекрытие","СП"]
["0019Пер0790164959","Перекрытие",790164959,"НовОбъект","м2",2.3778999999999999,1.1499999999999999,0.15,0.41020000000000001,2.7345999999999999,"ООО \"Промвентиляция\"",null,"Перекрытие","СП"]
["0019Пер0790151200","Перекрытие",790151200,"НовОбъект","м2",1.1499999999999999,2.4620000000000002,0.15,0.42470000000000002,2.8313000000000001,"ООО \"Промвентиляция\"",null,"Перекрытие","СП"]
["0019Пер0790151230","Перекрытие",790151230,"НовОбъект","м2",2.4620000000000002,1.1499999999999999,0.15,0.42470000000000002,2.8313000000000001,"ООО \"Промвентиляция\"",null,"Перекрытие","СП"]
["0019Пер0790151235","Перекрытие",790151235,"НовОбъект","м2",2.4620000000000002,1.1499999999999999,0.15,0.42470000000000002,2.8313000000000001,"ООО \"Промвентиляция\"",null,"Перекрытие","СП"]
["0019Пер0790151242","Перекрытие",790151242,"НовОбъект","м2",2.4620000000000002,1.1499999999999999,0.15,0.42470000000000002,2.8313000000000001,"ООО \"Промвентиляция\"",null,"Перекрытие","СП"]
["0019Пер0790151249","Перекрытие",790151249,"НовОбъект","м2",2.4620000000000002,1.1499999999999999,0.15,0.42470000000000002,2.8313000000000001,"ООО \"Промвентиляция\"",null,"Перекрытие","СП"]
["0019Пер0790151256","Перекрытие",790151256,"НовОбъект","м2",1.1499999999999999,2.4620000000000002,0.15,0.42470000000000002,2.8313000000000001,"ООО \"Промвентиляция\"",null,"Перекрытие","СП"]
["0019Пер0790151265","Перекрытие",790151265,"НовОбъект","м2",2.4620000000000002,1.1499999999999999,0.15,0.42470000000000002,2.8313000000000001,"ООО \"Промвентиляция\"",null,"Перекрытие","СП"]
["0019Пер0790151270","Перекрытие",790151270,"НовОбъект","м2",2.4620000000000002,1.1499999999999999,0.15,0.42470000000000002,2.8313000000000001,"ООО \"Промвентиляция\"",null,"Перекрытие","СП"]
["0019Пер0790165776","Перекрытие",790165776,"НовОбъект","м2",2.5076999999999998,1.1499999999999999,0.15,0.43259999999999998,2.8837999999999999,"ООО \"Промвентиляция\"",null,"Перекрытие","СП"]
["0019Пер0790165815","Перекрытие",790165815,"НовОбъект","м2",2.5076999999999998,1.1499999999999999,0.15,0.43259999999999998,2.8837999999999999,"ООО \"Промвентиляция\"",null,"Перекрытие","СП"]
["0019Пер0790165835","Перекрытие",790165835,"НовОбъект","м2",2.5076999999999998,1.1499999999999999,0.15,0.43259999999999998,2.8837999999999999,"ООО \"Промвентиляция\"",null,"Перекрытие","СП"]
["0019Пер0790165861","Перекрытие",790165861,"НовОбъект","м2",2.5076999999999998,1.1499999999999999,0.15,0.43259999999999998,2.8837999999999999,"ООО \"Промвентиляция\"",null,"Перекрытие","СП"]
["0019Пер0790165884","Перекрытие",790165884,"НовОбъект","м2",2.5076999999999998,1.1499999999999999,0.15,0.43259999999999998,2.8837999999999999,"ООО \"Промвентиляция\"",null,"Перекрытие","СП"]
["0019Пер0790165908","Перекрытие",790165908,"НовОбъект","м2",2.5076999999999998,1.1499999999999999,0.15,0.43259999999999998,2.8837999999999999,"ООО \"Промвентиляция\"",null,"Перекрытие","СП"]
["0019Пер0790151040","Перекрытие",790151040,"НовОбъект","м2",2.605,1.1499999999999999,0.15,0.44940000000000002,2.9958,"ООО \"Промвентиляция\"",null,"Перекрытие","СП"]
["0019Пер0790151045","Перекрытие",790151045,"НовОбъект","м2",2.605,1.1499999999999999,0.15,0.44940000000000002,2.9958,"ООО \"Промвентиляция\"",null,"Перекрытие","СП"]
["0019Пер0790166864","Перекрытие",790166864,"НовОбъект","м2",1.1499999999999999,3.4198,0.15,0.58989999999999998,3.9327000000000001,"ООО \"Промвентиляция\"",null,"Перекрытие","СП",1]
["0019Пер0790151349","Перекрытие",790151349,"НовОбъект","м2",1.1499999999999999,3.4319000000000002,0.15,0.59199999999999997,3.9466999999999999,"ООО \"Промвентиляция\"",null,"Перекрытие","СП",1]
["0019Пер0790164938","Перекрытие",790164938,"НовОбъект","м2",3.4319000000000002,1.1499999999999999,0.15,0.59199999999999997,3.9466999999999999,"ООО \"Промвентиляция\"",null,"Перекрытие","СП"]
["0019Пер0790151375","Перекрытие",790151375,"НовОбъект","м2",1.1499999999999999,3.4998,0.15,0.60370000000000001,4.0247000000000002,"ООО \"Промвентиляция\"",null,"Перекрытие","СП"]
["0019Пер0790151384","Перекрытие",790151384,"НовОбъект","м2",1.1499999999999999,3.4998,0.15,0.60370000000000001,4.0247000000000002,"ООО \"Промвентиляция\"",null,"Перекрытие","СП"]
["0019Пер0790151393","Перекрытие",790151393,"НовОбъект","м2",1.1499999999999999,3.4998,0.15,0.60370000000000001,4.0247000000000002,"ООО \"Промвентиляция\"",null,"Перекрытие","СП"]
["0019Пер0790151404","Перекрытие",790151404,"НовОбъект","м2",1.1499999999999999,3.4998,0.15,0.60370000000000001,4.0247000000000002,"ООО \"Промвентиляция\"",null,"Перекрытие","СП"]
["0019Пер0790151413","Перекрытие",790151413,"НовОбъект","м2",1.1499999999999999,3.4998,0.15,0.60370000000000001,4.0247000000000002,"ООО \"Промвентиляция\"",null,"Перекрытие","СП"]
["0019Пер0790151357","Перекрытие",790151357,"НовОбъект","м2",3.5802999999999998,1.1499999999999999,0.15,0.61760000000000004,4.1173000000000002,"ООО \"Промвентиляция\"",null,"Перекрытие","СП",1]
["0019Пер0790162919","Перекрытие",790162919,"НовОбъект","м2",1.1499999999999999,3.62,0.15,0.62450000000000006,4.1630000000000003,"ООО \"Промвентиляция\"",null,"Перекрытие","СП"]
["0019Пер0790151113","Перекрытие",790151113,"НовОбъект","м2",1.1499999999999999,3.7465999999999999,0.15,0.64629999999999999,4.3085000000000004,"ООО \"Промвентиляция\"",null,"Перекрытие","СП"]
["0019Пер0790150953","Перекрытие",790150953,"НовОбъект","м2",1.1499999999999999,4.5377000000000001,0.15,0.78280000000000005,5.2183000000000002,"ООО \"Промвентиляция\"",null,"Перекрытие","СП"]
["0019Пер0790151362","Перекрытие",790151362,"НовОбъект","м2",1.1499999999999999,4.8693,0.15,0.84,5.5997000000000003,"ООО \"Промвентиляция\"",null,"Перекрытие","СП"]
["0019Пер0790151378","Перекрытие",790151378,"НовОбъект","м2",1.1499999999999999,4.8712999999999997,0.15,0.84030000000000005,5.6020000000000003,"ООО \"Промвентиляция\"",null,"Перекрытие","СП"]
["0019Пер0790151383","Перекрытие",790151383,"НовОбъект","м2",1.1499999999999999,4.8712999999999997,0.15,0.84030000000000005,5.6020000000000003,"ООО \"Промвентиляция\"",null,"Перекрытие","СП"]
["0019Пер0790151394","Перекрытие",790151394,"НовОбъект","м2",1.1499999999999999,4.8712999999999997,0.15,0.84030000000000005,5.6020000000000003,"ООО \"Промвентиляция\"",null,"Перекрытие","СП"]
["0019Пер0790151403","Перекрытие",790151403,"НовОбъект","м2",1.1499999999999999,4.8712999999999997,0.15,0.84030000000000005,5.6020000000000003,"ООО \"Промвентиляция\"",null,"Перекрытие","СП"]
["0019Пер0790151414","Перекрытие",790151414,"НовОбъект","м2",1.1499999999999999,4.8712999999999997,0.15,0.84030000000000005,5.6020000000000003,"ООО \"Промвентиляция\"",null,"Перекрытие","СП"]
["0019Пер0790162942","Перекрытие",790162942,"НовОбъект","м2",4.915,1.1499999999999999,0.15,0.8478,5.6523000000000003,"ООО \"Промвентиляция\"",null,"Перекрытие","СП"]
["0019Пер0790162959","Перекрытие",790162959,"НовОбъект","м2",4.915,1.1499999999999999,0.15,0.8478,5.6523000000000003,"ООО \"Промвентиляция\"",null,"Перекрытие","СП"]
["0019Пер0790151312","Перекрытие",790151312,"НовОбъект","м2",4.9991000000000003,1.1499999999999999,0.15,0.86229999999999996,5.7489999999999997,"ООО \"Промвентиляция\"",null,"Перекрытие","СП"]
["0019Пер0790151317","Перекрытие",790151317,"НовОбъект","м2",4.9991000000000003,1.1499999999999999,0.15,0.86229999999999996,5.7489999999999997,"ООО \"Промвентиляция\"",null,"Перекрытие","СП"]
["0019Пер0790151333","Перекрытие",790151333,"НовОбъект","м2",4.9991000000000003,1.1499999999999999,0.15,0.86229999999999996,5.7489999999999997,"ООО \"Промвентиляция\"",null,"Перекрытие","СП"]
["0019Пер0790151324","Перекрытие",790151324,"НовОбъект","м2",5.1481000000000003,1.1499999999999999,0.15,0.8881,5.9203000000000001,"ООО \"Промвентиляция\"",null,"Перекрытие","СП"]
["0019Пер0790151352","Перекрытие",790151352,"НовОбъект","м2",1.1499999999999999,5.1490999999999998,0.15,0.88819999999999999,5.9215,"ООО \"Промвентиляция\"",null,"Перекрытие","СП"]
["0019Пер0790162874","Перекрытие",790162874,"НовОбъект","м2",5.7690000000000001,1.1499999999999999,0.15,0.99519999999999997,6.6344000000000003,"ООО \"Промвентиляция\"",null,"Перекрытие","СП"]
["0019Пер0790162894","Перекрытие",790162894,"НовОбъект","м2",5.7690000000000001,1.1499999999999999,0.15,0.99519999999999997,6.6344000000000003,"ООО \"Промвентиляция\"",null,"Перекрытие","СП"]
["0019Пер0790150747","Перекрытие",790150747,"НовОбъект","м2",1.1499999999999999,5.8085000000000004,0.15,1.002,6.6798000000000002,"ООО \"Промвентиляция\"",null,"Перекрытие","СП"]
["0019Пер0790151295","Перекрытие",790151295,"НовОбъект","м2",5.8207000000000004,1.1499999999999999,0.15,1.0041,6.6938000000000004,"ООО \"Промвентиляция\"",null,"Перекрытие","СП"]
["0019Пер0790159147","Перекрытие",790159147,"НовОбъект","м2",5.8207000000000004,1.1499999999999999,0.15,1.0041,6.6938000000000004,"ООО \"Промвентиляция\"",null,"Перекрытие","СП"]
["0019Пер0790159171","Перекрытие",790159171,"НовОбъект","м2",1.1499999999999999,5.8207000000000004,0.15,1.0041,6.6938000000000004,"ООО \"Промвентиляция\"",null,"Перекрытие","СП"]
["0019Пер0790150772","Перекрытие",790150772,"НовОбъект","м2",1.1499999999999999,5.8884999999999996,0.15,1.0158,6.7717999999999998,"ООО \"Промвентиляция\"",null,"Перекрытие","СП"]
["0019Пер0790150706","Перекрытие",790150706,"НовОбъект","м2",1.1499999999999999,6,0.15,1.0349999999999999,6.9,"ООО \"Промвентиляция\"",null,"Перекрытие","СП"]
["0019Пер0790150711","Перекрытие",790150711,"НовОбъект","м2",1.1499999999999999,6,0.15,1.0349999999999999,6.9,"ООО \"Промвентиляция\"",null,"Перекрытие","СП"]
["0019Пер0790150720","Перекрытие",790150720,"НовОбъект","м2",1.1499999999999999,6,0.15,1.0349999999999999,6.9,"ООО \"Промвентиляция\"",null,"Перекрытие","СП"]
["0019Пер0790150725","Перекрытие",790150725,"НовОбъект","м2",1.1499999999999999,6,0.15,1.0349999999999999,6.9,"ООО \"Промвентиляция\"",null,"Перекрытие","СП"]
["0019Пер0790150732","Перекрытие",790150732,"НовОбъект","м2",1.1499999999999999,6,0.15,1.0349999999999999,6.9,"ООО \"Промвентиляция\"",null,"Перекрытие","СП"]
["0019Пер0790150737","Перекрытие",790150737,"НовОбъект","м2",1.1499999999999999,6,0.15,1.0349999999999999,6.9,"ООО \"Промвентиляция\"",null,"Перекрытие","СП"]
["0019Пер0790150756","Перекрытие",790150756,"НовОбъект","м2",1.1499999999999999,6,0.15,1.0349999999999999,6.9,"ООО \"Промвентиляция\"",null,"Перекрытие","СП"]
["0019Пер0790150763","Перекрытие",790150763,"НовОбъект","м2",1.1499999999999999,6,0.15,1.0349999999999999,6.9,"ООО \"Промвентиляция\"",null,"Перекрытие","СП"]
["0019Пер0790150809","Перекрытие",790150809,"НовОбъект","м2",1.1499999999999999,6,0.15,1.0349999999999999,6.9,"ООО \"Промвентиляция\"",null,"Перекрытие","СП"]
["0019Пер0790150816","Перекрытие",790150816,"НовОбъект","м2",1.1499999999999999,6,0.15,1.0349999999999999,6.9,"ООО \"Промвентиляция\"",null,"Перекрытие","СП"]
["0019Пер0790150821","Перекрытие",790150821,"НовОбъект","м2",1.1499999999999999,6,0.15,1.0349999999999999,6.9,"ООО \"Промвентиляция\"",null,"Перекрытие","СП"]
["0019Пер0790150826","Перекрытие",790150826,"НовОбъект","м2",1.1499999999999999,6,0.15,1.0349999999999999,6.9,"ООО \"Промвентиляция\"",null,"Перекрытие","СП"]
["0019Пер0790150927","Перекрытие",790150927,"НовОбъект","м2",1.1499999999999999,6,0.15,1.0349999999999999,6.9,"ООО \"Промвентиляция\"",null,"Перекрытие","СП"]
["0019Пер0790150934","Перекрытие",790150934,"НовОбъект","м2",1.1499999999999999,6,0.15,1.0349999999999999,6.9,"ООО \"Промвентиляция\"",null,"Перекрытие","СП"]
["0019Пер0790151018","Перекрытие",790151018,"НовОбъект","м2",1.1499999999999999,6,0.15,1.0349999999999999,6.9,"ООО \"Промвентиляция\"",null,"Перекрытие","СП"]
["0019Пер0790151032","Перекрытие",790151032,"НовОбъект","м2",1.1499999999999999,6,0.15,1.0349999999999999,6.9,"ООО \"Промвентиляция\"",null,"Перекрытие","СП"]
["0019Пер0790151035","Перекрытие",790151035,"НовОбъект","м2",6,1.1499999999999999,0.15,1.0349999999999999,6.9,"ООО \"Промвентиляция\"",null,"Перекрытие","СП"]
["0019Пер0790151063","Перекрытие",790151063,"НовОбъект","м2",1.1499999999999999,6,0.15,1.0349999999999999,6.9,"ООО \"Промвентиляция\"",null,"Перекрытие","СП"]
["0019Пер0790151070","Перекрытие",790151070,"НовОбъект","м2",1.1499999999999999,6,0.15,1.0349999999999999,6.9,"ООО \"Промвентиляция\"",null,"Перекрытие","СП"]
["0019Пер0790151084","Перекрытие",790151084,"НовОбъект","м2",1.1499999999999999,6,0.15,1.0349999999999999,6.9,"ООО \"Промвентиляция\"",null,"Перекрытие","СП"]
["0019Пер0790151089","Перекрытие",790151089,"НовОбъект","м2",1.1499999999999999,6,0.15,1.0349999999999999,6.9,"ООО \"Промвентиляция\"",null,"Перекрытие","СП"]
["0019Пер0790151096","Перекрытие",790151096,"НовОбъект","м2",1.1499999999999999,6,0.15,1.0349999999999999,6.9,"ООО \"Промвентиляция\"",null,"Перекрытие","СП"]
["0019Пер0790151101","Перекрытие",790151101,"НовОбъект","м2",1.1499999999999999,6,0.15,1.0349999999999999,6.9,"ООО \"Промвентиляция\"",null,"Перекрытие","СП"]
["0019Пер0790151108","Перекрытие",790151108,"НовОбъект","м2",1.1499999999999999,6,0.15,1.0349999999999999,6.9,"ООО \"Промвентиляция\"",null,"Перекрытие","СП"]
["0019Пер0790151116","Перекрытие",790151116,"НовОбъект","м2",1.1499999999999999,6,0.15,1.0349999999999999,6.9,"ООО \"Промвентиляция\"",null,"Перекрытие","СП"]
["0019Пер0790151125","Перекрытие",790151125,"НовОбъект","м2",1.1499999999999999,6,0.15,1.0349999999999999,6.9,"ООО \"Промвентиляция\"",null,"Перекрытие","СП"]
["0019Пер0790151132","Перекрытие",790151132,"НовОбъект","м2",1.1499999999999999,6,0.15,1.0349999999999999,6.9,"ООО \"Промвентиляция\"",null,"Перекрытие","СП"]
["0019Пер0790151151","Перекрытие",790151151,"НовОбъект","м2",6,1.1499999999999999,0.15,1.0349999999999999,6.9,"ООО \"Промвентиляция\"",null,"Перекрытие","СП"]
["0019Пер0790162751","Перекрытие",790162751,"НовОбъект","м2",6.1479999999999997,1.1499999999999999,0.15,1.0605,7.0701999999999998,"ООО \"Промвентиляция\"",null,"Перекрытие","СП"]
["0019Пер0790162769","Перекрытие",790162769,"НовОбъект","м2",6.1479999999999997,1.1499999999999999,0.15,1.0605,7.0701999999999998,"ООО \"Промвентиляция\"",null,"Перекрытие","СП"]
["0019Пер0790162790","Перекрытие",790162790,"НовОбъект","м2",6.1479999999999997,1.1499999999999999,0.15,1.0605,7.0701999999999998,"ООО \"Промвентиляция\"",null,"Перекрытие","СП"]
["0019Пер0790162813","Перекрытие",790162813,"НовОбъект","м2",6.1479999999999997,1.1499999999999999,0.15,1.0605,7.0701999999999998,"ООО \"Промвентиляция\"",null,"Перекрытие","СП"]
["0019Пер0790162834","Перекрытие",790162834,"НовОбъект","м2",6.1479999999999997,1.1499999999999999,0.15,1.0605,7.0701999999999998,"ООО \"Промвентиляция\"",null,"Перекрытие","СП"]
["0019Пер0790162855","Перекрытие",790162855,"НовОбъект","м2",6.1479999999999997,1.1499999999999999,0.15,1.0605,7.0701999999999998,"ООО \"Промвентиляция\"",null,"Перекрытие","СП"]
["0019Пер0790151025","Перекрытие",790151025,"НовОбъект","м2",1.1499999999999999,6.1494999999999997,0.15,1.0608,7.0719000000000003,"ООО \"Промвентиляция\"",null,"Перекрытие","СП"]
["0019Пер0790151054","Перекрытие",790151054,"НовОбъект","м2",6.1494999999999997,1.1499999999999999,0.15,1.0608,7.0719000000000003,"ООО \"Промвентиляция\"",null,"Перекрытие","СП"]
["0019Пер0790150838","Перекрытие",790150838,"НовОбъект","м2",6.1914999999999996,1.1499999999999999,0.15,1.0680000000000001,7.1201999999999996,"ООО \"Промвентиляция\"",null,"Перекрытие","СП"]
["0019Пер0790150843","Перекрытие",790150843,"НовОбъект","м2",6.1914999999999996,1.1499999999999999,0.15,1.0680000000000001,7.1201999999999996,"ООО \"Промвентиляция\"",null,"Перекрытие","СП"]
["0019Пер0790150852","Перекрытие",790150852,"НовОбъект","м2",1.1499999999999999,6.1914999999999996,0.15,1.0680000000000001,7.1201999999999996,"ООО \"Промвентиляция\"",null,"Перекрытие","СП"]
["0019Пер0790150857","Перекрытие",790150857,"НовОбъект","м2",6.1914999999999996,1.1499999999999999,0.15,1.0680000000000001,7.1201999999999996,"ООО \"Промвентиляция\"",null,"Перекрытие","СП"]
["0019Пер0790160668","Перекрытие",790160668,"НовОбъект","м2",6.1966000000000001,1.1499999999999999,0.15,1.0689,7.1260000000000003,"ООО \"Промвентиляция\"",null,"Перекрытие","СП"]
["0019Пер0790721640","Перекрытие",790721640,"НовОбъект","м2",6.1966000000000001,1.1499999999999999,0.15,1.0689,7.1260000000000003,"ООО \"Промвентиляция\"",null,"Перекрытие","СП"]
["0019Пер0790721642","Перекрытие",790721642,"НовОбъект","м2",6.1966000000000001,1.1499999999999999,0.15,1.0689,7.1260000000000003,"ООО \"Промвентиляция\"",null,"Перекрытие","СП"]
["0019Пер0790721644","Перекрытие",790721644,"НовОбъект","м2",6.1966000000000001,1.1499999999999999,0.15,1.0689,7.1260000000000003,"ООО \"Промвентиляция\"",null,"Перекрытие","СП"]
["0019Пер0790150664","Перекрытие",790150664,"НовОбъект","м2",1.1499999999999999,6.2270000000000003,0.15,1.0742,7.1611000000000002,"ООО \"Промвентиляция\"",null,"Перекрытие","СП"]
["0019Пер0790151073","Перекрытие",790151073,"НовОбъект","м2",1.1499999999999999,6.2270000000000003,0.15,1.0742,7.1611000000000002,"ООО \"Промвентиляция\"",null,"Перекрытие","СП"]
["0019Пер0790151076","Перекрытие",790151076,"НовОбъект","м2",1.1499999999999999,6.2270000000000003,0.15,1.0742,7.1611000000000002,"ООО \"Промвентиляция\"",null,"Перекрытие","СП"]
["0019Пер0790151079","Перекрытие",790151079,"НовОбъект","м2",1.1499999999999999,6.2270000000000003,0.15,1.0742,7.1611000000000002,"ООО \"Промвентиляция\"",null,"Перекрытие","СП"]
["0019Пер0790150835","Перекрытие",790150835,"НовОбъект","м2",6.3414999999999999,1.1499999999999999,0.15,1.0939000000000001,7.2927,"ООО \"Промвентиляция\"",null,"Перекрытие","СП"]
["0019Пер0790150906","Перекрытие",790150906,"НовОбъект","м2",1.1499999999999999,6.3414999999999999,0.15,1.0939000000000001,7.2927,"ООО \"Промвентиляция\"",null,"Перекрытие","СП"]
["0019Пер0790150918","Перекрытие",790150918,"НовОбъект","м2",6.3414999999999999,1.1499999999999999,0.15,1.0939000000000001,7.2927,"ООО \"Промвентиляция\"",null,"Перекрытие","СП"]
["0019Пер0790150849","Перекрытие",790150849,"НовОбъект","м2",1.1499999999999999,6.4438000000000004,0.15,1.1115999999999999,7.4104000000000001,"ООО \"Промвентиляция\"",null,"Перекрытие","СП"]
["0015Пер0790716902","Перекрытие",790716902,"НовОбъект","м2",0.45689999999999997,35.8855,0.2009,3.2940999999999998,16.396100000000001,"ООО \"Промвентиляция\"",null,"Перекрытие"]
["0015Пер0790716894","Перекрытие",790716894,"НовОбъект","м2",35.8855,0.45700000000000002,0.2009,3.2945000000000002,16.398199999999999,"ООО \"Промвентиляция\"",null,"Перекрытие"]